| 000 | 00754nam a22002297a 4500 | ||
|---|---|---|---|
| 005 | 20170124110213.0 | ||
| 010 | _aB-077549 | ||
| 020 |
_c395.00 _a8174362657 |
||
| 035 | _aB-077549 | ||
| 037 | _bCen Lib/Ret | ||
| 040 |
_aDPL _bEN |
||
| 082 |
_a921 _bADH |
||
| 100 |
_aAdhar, Neelima Dalmia _974506 |
||
| 245 |
_aFather dearest : _cby Neelima Dalmia Adhar _bthe life and times of R.K. Dalmia / |
||
| 260 |
_aNew Delhi _bRoli Books _c2003 |
||
| 270 |
_bNew Delhi _aM-75, G.K. ll Market _e110048 |
||
| 300 |
_a262p. _c22cm(Hb) |
||
| 500 | _aIncludes bibliographical references | ||
| 650 |
_aDalmia, Ramkrishna, -- 1893 _974507 |
||
| 650 |
_aIndustrialists' spouses -- India -- Biography _974508 |
||
| 942 |
_2ddc _cEN _h921 _mADH |
||
| 999 |
_c133682 _d133682 |
||